| 000 | 00985nam0a22002651 4500 | ||
|---|---|---|---|
| 001 | rc\19077 | ||
| 005 | 20250620115815.0 | ||
| 035 | _a(NLR Aleph) 005306632 | ||
| 090 |
_a6343646 _c6343646 |
||
| 100 | _a20021204d1991 |||y0rusy50 ca | ||
| 101 | 0 |
_arus _akum |
|
| 102 | _aRU | ||
| 105 | _ay ||||||||| | ||
| 200 | 1 |
_aРусско-кумыкский словарь _eОк. 11000 слов _f[Предисл. Г.Г. Гамзатова] _gДаг. фил. АН СССР. Ин-т истории, яз. и лит. им. Г. Цадасы |
|
| 210 |
_aМахачкала _cДагучпедгиз _d1991 |
||
| 215 |
_a378 с. _d17 |
||
| 300 | _aНа пер. авт. не указан | ||
| 700 | 1 |
_7ca _8rus _aГаджиахмедов _bН. Э. _f1953- _gНурмагомед Эльдерханович _9201788 _3RU\NLR\AUTH\770201839 |
|
| 801 | 0 |
_aRU _bNLR _gpsbo |
|
| 801 | 1 |
_aRU _bELAR _2rusmarc |
|
| 852 |
_aNLR _bОНЛ |
||
| 852 |
_aNLR _jОНЛ |
||
| 942 | _cBOOK | ||
| 980 | _aNB | ||